00337 2200133 4500001002100000005001500021035002400036090001400060245005400074260002800128300002500156990001100181990001100192YOGYA00000000006747820140823075701 0010-081400000067195 a438 Gsc D aDeutsche GrammatikcElke F Gschossmann Hendershot aJakartabErlanggac1992 aix, 246 hlm.c23 cm. a2238-B a2239-B